000 00746nam a2200253 a 4500
001 66042
003 BD-RjUL
005 20211209081508.0
008 170313s1982 nyua b 001 0 eng
020 _a0121693600
035 _a(BD-RjUL)66172
040 _aDLC
_cDLC
_dBD-RjUL
_beng
041 _aeng
082 0 0 _a581.3
_223
_bCHP 1982
100 1 _aCharles-Edwards, D. A.
_9195345
245 1 0 _aPhysiological determinants of crop growth /
_cD.A. Charles-Edwards.
260 _aNew York :
_bAcademic Press,
_cc1982.
300 _axiii, 161 p. :
_bill. ;
_c24 cm.
504 _aIncludes index and Bibliography
650 0 _aCrops
_xGrowth.
_9195346
650 0 _aCrops
_xPhysiology.
_9195347
942 _2ddc
_cBK
999 _c66042
_d66042